KAVIYUDE KALPPADUKAL -AUTOBIOGRAPHY (Record no. 6795)
[ view plain ]
| 000 -LEADER | |
|---|---|
| fixed length control field | 02036nam a22001577a 4500 |
| 020 ## - INTERNATIONAL STANDARD BOOK NUMBER | |
| ISBN | 81-264-1165-1 |
| 082 ## - DEWEY DECIMAL CLASSIFICATION NUMBER | |
| Classification number | 8940812- |
| Item number | KUN/K |
| 100 ## - MAIN ENTRY--AUTHOR NAME | |
| Personal name | KUNJIRAMAN NAIR, P |
| 245 ## - TITLE STATEMENT | |
| Title | KAVIYUDE KALPPADUKAL -AUTOBIOGRAPHY |
| 246 ## - VARYING FORM OF TITLE | |
| Title proper/short title | KAVIYUDE KALPPADUKAL -AUTOBIOGRAPHY |
| Remainder of title | KAVIYUDE KALPPADUKAL -AUTOBIOGRAPHY |
| 260 ## - PUBLICATION, DISTRIBUTION, ETC. (IMPRINT) | |
| Place of publication | KOTTAYAM |
| Name of publisher | DC BOOKS |
| Year of publication | 2022 |
| 300 ## - PHYSICAL DESCRIPTION | |
| Number of Pages | 710 |
| 520 ## - SUMMARY, ETC. | |
| Summary, etc | കവിതതേടി നക്ഷത്രങ്ങളുടെയും നിലാവിന്റെയും വഴിവെളിച്ചത്തിൽ നിളാനദിയുടെ തീരത്തും, ഋതുഭേദങ്ങൾ വികാരവൈവിധ്യം വരുത്തുന്ന പ്രകൃതിയുടെ കളിത്തട്ടുകളിലും ക്ഷേത്രപ്രാന്തങ്ങളിലും അനുസ്യൂതമായി സഞ്ചരിച്ച കവി പിന്നിട്ട കാല്പാടുകളിലേക്കു തിരിഞ്ഞുനോക്കുന്നു. ആത്മാലാപത്തോടെ, ആത്മരോഷത്തോടെ ചിലപ്പോൾ ആത്മനിന്ദയോടെ പിന്നിട്ട ജീവിതരംഗങ്ങൾ ആവിഷ്കരിക്കുന്നു. യാത്രയ്ക്കിടയിൽ കൈമോശംവന്ന സ്നേഹങ്ങളുടെയും സൗഭാഗ്യങ്ങളുടെയും ഓർമ്മകളുടെ പീഡനത്തെക്കാൾ 'കവിയുടെ കാല്പാടുകളി'ൽ ഉയർന്നുനില്ക്കുന്ന കവിത എന്ന സൗന്ദര്യദേവതയുടെ ആത്മാവു കണ്ടെത്താൻ എന്തും സഹിച്ചു തീർത്ഥാടനം നടത്തുന്ന ഉപാസകന്റെ തീവ്രതപസ്യ.'' |
| 650 ## - SUBJECT ADDED ENTRY--TOPICAL TERM | |
| Topical Term | MALAYALAM AUTOBIOGRAPHY |
| 942 ## - ADDED ENTRY ELEMENTS (KOHA) | |
| Koha item type | Books |
| Withdrawn status | Lost status | Collection code | Home library | Current library | Shelving location | Date acquired | Source of acquisition | Cost, normal purchase price | Full call number | Accession Number | Koha item type |
|---|---|---|---|---|---|---|---|---|---|---|---|
| Non-fiction | Main Library | Main Library | NEW SHELF WITH NEW ENTRY | 27/09/2023 | Purchase | 799.00 | 894.812 KUN/K | 12868 | Books |